[Event "SVK-ch U10"]
[Site "Liptovsky Mikulas"]
[Date "2017.04.25"]
[Round "5"]
[White "Sonka, Peter"]
[Black "Rakovsky, Jakub"]
[Result "1/2-1/2"]
[WhiteElo "1127"]
[BlackElo "1035"]
[PlyCount "112"]
[EventDate "2017.04.22"]
[EventType "swiss"]
[EventRounds "9"]
[EventCountry "SVK"]
[SourceTitle "CBM 178 Extra"]
[Source "ChessBase"]
[SourceDate "2017.06.22"]
[SourceVersion "1"]
[SourceVersionDate "2017.06.22"]
[SourceQuality "1"]

1. e4 e6 2. Nc3 Nc6 3. Nf3 Nf6 4. d3 Bb4 5. a3 Bxc3+ 6. bxc3 b6 7. Be2 Bb7 8. 0-0 d5 9. e5 Nd7 10. d4 f6 11. Bf4 0-0 12. Bb5 fxe5 13. Bxc6 Bxc6 14. Bxe5 Nxe5 15. Nxe5 Bb7 16. Re1 Qd6 17. Qd2 Rf5 18. Re2 c5 19. Qd3 Raf8 20. f3 Qc7 21. Qd2 Rc8 22. Re3 cxd4 23. Qxd4 Qc5 24. Ra2 Qxd4 25. cxd4 Rc7 26. c3 Rf8 27. Rc2 Rfc8 28. Kf2 b5 29. Kf1 a5 30. Ke2 Ba6 31. Kd2 b4 32. axb4 axb4 33. g4 b3 34. Rb2 Bc4 35. Nxc4 dxc4 36. Rxe6 Ra7 37. Re1 Rca8 38. Reb1 Ra2 39. Kc1 Rf8 40. f4 Re8 41. Kd2 Kf7 42. Rxa2 bxa2 43. Ra1 Ra8 44. Kc2 Ke6 45. Kb2 Kd5 46. Rxa2 Re8 47. Ra5+ Ke4 48. Kc2 Rc8 49. Kd2 Kf3 50. Rh5 h6 51. Re5 Ra8 52. Re3+ Kg2 53. Re2+ Kf3 54. Re3+ Kxg4 55. Re2 Ra2+ 56. Ke3 Ra3 1/2-1/2

[Event "SVK-ch U10"]
[Site "Liptovsky Mikulas"]
[Date "2017.04.23"]
[Round "2"]
[White "Janik, Marek Tobias"]
[Black "Sonka, Peter"]
[Result "1/2-1/2"]
[WhiteElo "1571"]
[BlackElo "1127"]
[PlyCount "120"]
[EventDate "2017.04.22"]
[EventType "swiss"]
[EventRounds "9"]
[EventCountry "SVK"]
[SourceTitle "CBM 178 Extra"]
[Source "ChessBase"]
[SourceDate "2017.06.22"]
[SourceVersion "1"]
[SourceVersionDate "2017.06.22"]
[SourceQuality "1"]

1. e4 e5 2. Nf3 Nc6 3. Bc4 Bc5 4. c3 Nf6 5. d3 Ng4 6. 0-0 d6 7. Nbd2 0-0 8. h3 Nf6 9. Re1 h6 10. Nf1 Nh5 11. a4 a5 12. Be3 Bxe3 13. Nxe3 Nf4 14. d4 exd4 15. cxd4 Nb4 16. Rc1 c6 17. d5 Bd7 18. dxc6 Bxc6 19. Nc2 Nxc2 20. Qxc2 d5 21. exd5 Bxd5 22. Red1 Rc8 23. Qd2 Bxf3 24. Bxf7+ Kh8 25. Qxd8 Rfxd8 26. Rxc8 Rxc8 27. gxf3 Nxh3+ 28. Kf1 Ng5 29. Rd7 Nxf7 30. Rxf7 b6 31. Rb7 Rc6 32. Kg2 Kh7 33. Kg3 Kg6 34. f4 h5 35. f3 Kf6 36. f5 g6 37. fxg6 Kxg6 38. Rb8 Kf5 39. f4 Rg6+ 40. Kh4 Kxf4 41. Kxh5 Rf6 42. Rc8 Ke5 43. Kg5 Re6 44. Kg4 Rg6+ 45. Kf3 Rd6 46. Ke3 Ke6 47. Rc4 Kd7 48. b4 Rc6 49. Rd4+ Kc7 50. b5 Rc5 51. Ke4 Kc8 52. Kd3 Kc7 53. Ke4 Kc8 54. Ke3 Kc7 55. Kd3 Kc8 56. Kd2 Kc7 57. Rd3 Rc4 58. Ra3 Kd6 59. Kd3 Kc5 60. Kd2 Kb4 1/2-1/2